000 00609nam a22002057a 4500
005 20240125151855.0
010 _aENG-139039
020 _a9789394406438
_c179.00
035 _aEN-122571
037 _bDBAD/PUB
082 _a480
_21
100 _aGupta, R.K
_961344
245 _aCUET Common University Test /
_b ENGLISH /
250 _a1
260 _aNew Delhi
_bLaxmi Publication
270 _a113, Golden House , Gurudwara Road , Daryaganj
_bNew Delhi
_e110002
300 _a144 p.
_c27 cm(pbk)
700 _aGilberg, Richard F.
_eAuthor
_961255
942 _2ddc
_cEN
_h480
_mGUP
999 _c200409
_d200409